000 00499nam a2200181Ia 4500
005 20250326141444.0
008 250326s9999 xx 000 0 und d
037 _aTextbook
040 _aFMSL
_beng
_cFMSL
041 _aeng
_2eng
084 _qFMSL
100 _aTripaty RN
_9744503
245 0 _aPublic fice and economic development in India
_cTripaty Rn; Tripathy M
260 _aDelhi
_bDelhi, Mittal Publications
_c1985
300 _a337p
942 _cTB
999 _c1290396
_d1290396